| 000 | 00559nam a2200193Ia 4500 | ||
|---|---|---|---|
| 005 | 20250326141527.0 | ||
| 008 | 250326s9999 xx 000 0 und d | ||
| 020 | _a0-574-20920-4 | ||
| 037 | _aTextbook | ||
| 040 |
_aFMSL _beng _cFMSL |
||
| 041 |
_aeng _2eng |
||
| 084 |
_aX:87 M9 _qFMSL |
||
| 100 |
_aChapman E N _9744648 |
||
| 245 | 0 |
_aLeadership: what every manager needs to know. _cChapman E N |
|
| 260 |
_aChicago _bChicago, Science Research Associates _c1989 |
||
| 300 | _aviii,157 | ||
| 942 |
_cTB _hX:87 M9 |
||
| 999 |
_c1290724 _d1290724 |
||